000 00293nam a2200121Ia 4500
008 191201s2010 xx 000 0 und d
100 _aPANDEY,I.M.
245 0 _aFinancial Management MBA-2.21 DE SEM-2
260 _aN. delhi
_bVikas Pub
_c2010
300 _a300
650 _aMBA
942 _2ddc
_cBK
999 _c246
_d246